书目信息 |
| 题名: |
刑法学
|
|
| 作者: | 高铭暄 主编 | |
| 分册: | ||
| 出版信息: | 北京 北京大学出版社 2007.01 |
|
| 页数: | 785页 | |
| 开本: | 26cm | |
| 丛书名: | ||
| 单 册: | ||
| 中图分类: | D924.01 | |
| 科图分类: | ||
| 主题词: | 法律--中国 | |
| 电子资源: | ||
| ISBN: | 978-7-301-04606-7 | |
| 000 | 00646 nam 000241 | |
| 001 | 0100024676 | |
| 005 | 20121010153844.32 | |
| 010 | @a978-7-301-04606-7@dCNY59.00 | |
| 100 | @a20081118d2006 em y0chiy0121 ea | |
| 101 | @achi | |
| 102 | @aCN@b110000 | |
| 105 | @ay z 000yy | |
| 200 | 10 | @a刑法学@9xing fa xue@f高铭暄等主编@Fgao ming xuan deng zhu bian |
| 205 | @a第3版 | |
| 210 | @a北京@c北京大学出版社@d2007.01 | |
| 215 | @a785页@d26cm | |
| 540 | @a刑法学 | |
| 606 | @a法律@x中国 | |
| 690 | @aD924.01@v4 | |
| 701 | 0 | @a高铭暄@9gao ming xuan@4主编 |
| 801 | @aCN@c20100607 | |
| 901 | @a000004 | |
| 905 | @b686952-4@dD924.01@eG150=3@f3 | |
| 刑法学/高铭暄等主编.-第3版.-北京:北京大学出版社,2007.01 |
| 785页;26cm |
| ISBN 978-7-301-04606-7:CNY59.00 |
| ● |
| 相关链接 |
|
|
|
正题名:刑法学
索取号:D924.01/G150=3
 
预约/预借
| 序号 | 登录号 | 条形码 | 馆藏地/架位号 | 状态 | 备注 |
| 1 | 470115 | 204701153 | 社科库509/509社科库 96排2列3层/ [索取号:D924.01/G150=3] | 在馆 | |
| 2 | 488092 | 204880922 | 社科库509/422社科库 38排1列1层/ [索取号:D924.01/G150=3] | 在馆 | |
| 3 | 686953 | 206869539 | 社科库509/509社科库 96排2列3层/ [索取号:D924.01/G150=3] | 在馆 | |
| 4 | 686954 | 206869548 | 社科库509/509社科库 96排2列3层/ [索取号:D924.01/G150=3] | 在馆 |